000 00485nam a2200181 i 4500
001 61480
003 ES-MaACL
007 t|
008 031112s1983 sp ||||1| spa d
245 0 0 _aExpropiación forzosa.
250 _a[8ª ed.].
260 _aMadrid :
_bBoletín Oficial del Estado,
_c1983.
300 _a599 p. ;
_c17 cm.
490 1 _aTextos legales ;
_v11
830 0 _aTextos legales ;
_v11
_9178122
852 _aES-MaACL
_jL-6925
_bR.106583
999 _c61480
_d61480